| 000 | 00424cam a2200181ua 4500 | ||
|---|---|---|---|
| 020 | _c135.00 | ||
| 041 |
_aeng _h |
||
| 082 |
_a670 _bJAI/PR |
||
| 100 | _aJain, R K . | ||
| 245 |
_aProduction technology / _cR K Jain. _hTextual Documents |
||
| 250 |
_a13 / _b. |
||
| 260 |
_aDelhi : _bKhanna publishers , _c1993. |
||
| 300 | _a1294 ; . | ||
| 365 | _a135.00 | ||
| 504 | _a | ||
| 942 | _cBK | ||
| 999 |
_c7153 _d7153 |
||